书目信息 |
| 题名: |
雕塑学
|
|
| 作者: | 许正龙 著 | |
| 分册: | ||
| 出版信息: | 沈阳 辽宁美术出版社 2001.01 |
|
| 页数: | 350页 | |
| 开本: | 20cm | |
| 丛书名: | ||
| 单 册: | ||
| 中图分类: | J31 | |
| 科图分类: | ||
| 主题词: | CT--S015766--雕塑理论 , CT--S015764--雕塑 | |
| 电子资源: | ||
| ISBN: | 7-5314-2592-0 | |
| 000 | 01085nam0 2200277 45 | |
| 001 | 012001030435 | |
| 005 | 20071016153338.67 | |
| 010 | @a7-5314-2592-0@dCNY30.00 | |
| 035 | @a(011001)c2001032111 | |
| 100 | @a20010528d2001 em y0chiy0110 ea | |
| 101 | 0 | @achi |
| 102 | @aCN@b210000 | |
| 105 | @aa z 000yy | |
| 200 | 1 | @a雕塑学@ADiao Su Xue@e立体材料艺术探索@ELi Ti Cai Liao Yi Shu Tan Suo@f许正龙著@FXu Zheng Long Zhu |
| 210 | @a沈阳@c辽宁美术出版社@d2001.01 | |
| 215 | @a350页@d20cm | |
| 314 | @a许正龙(1963~),生于江西上饶,现为清华大学美术学院雕塑系副教授兼任中国工艺美术学会雕塑专业委员会副秘书长。著有《雕塑学:立体材料艺术探索》。 | |
| 330 | @a本书共分九章,内容包括:雕塑的本质特征、雕塑的造型变革、中国雕塑的造型特性、雕塑的表现方式、雕塑的艺术手法、雕塑的材质肌理、雕塑的价值作用等。 | |
| 517 | 1 | @a立体材料艺术探索@ALi Ti Cai Liao Yi Shu Tan Suo |
| 606 | 0 | @2CT@3S015766@a雕塑理论 |
| 606 | 0 | @2CT@3S015764@a雕塑 |
| 690 | @aJ31@v4 | |
| 701 | 0 | @a许正龙@AXu Zheng Long@4著 |
| 801 | 0 | @aCN@bNLC@c20071016 |
| 905 | @aBZT@dJ31@e1 | |
| 906 | @dCNY30.00@n0@r1 | |
| 雕塑学:立体材料艺术探索/许正龙著.-沈阳:辽宁美术出版社,2001.01 |
| 350页;20cm |
| ISBN 7-5314-2592-0:CNY30.00 |
| 本书共分九章,内容包括:雕塑的本质特征、雕塑的造型变革、中国雕塑的造型特性、雕塑的表现方式、雕塑的艺术手法、雕塑的材质肌理、雕塑的价值作用等。 |
| ● |
| 相关链接 |
|
|
|
正题名:雕塑学
索取号:J31/1
 
预约/预借
| 序号 | 登录号 | 条形码 | 馆藏地/架位号 | 状态 | 备注 |
| 1 | 594870 | 230155498 | 中心书库中库/ 中库018架B面7列1层51/ [索取号:J31/1] | 在馆 | |
| 2 | 594871 | 230155502 | 中心书库中库/ 中库018架B面7列1层50/ [索取号:J31/1] | 在馆 | |
| 3 | 594872 | 230155501 | 中心书库中库/ 中库018架B面7列1层49/ [索取号:J31/1] | 在馆 | |
| 4 | 594873 | 230155500 | 中心书库中库/ 中库018架B面7列1层52/ [索取号:J31/1] | 在馆 | |
| 5 | 594874 | 230155499 | 中心书库中库/ 中库018架B面7列1层48/ [索取号:J31/1] | 在馆 |